书目信息 |
| 题名: |
中国海洋经济发展报告
|
|
| 作者: | 国家海洋局 编 ;国家发展和改革委员会 局编 | |
| 分册: | ||
| 出版信息: | 北京 海洋出版社 2016.8 |
|
| 页数: | 132页 | |
| 开本: | 26cm | |
| 丛书名: | ||
| 单 册: | ||
| 中图分类: | P74 | |
| 科图分类: | ||
| 主题词: | 海洋经济--经济发展--研究报告--中国--2016 | |
| 电子资源: | ||
| ISBN: | 978-7-5027-9576-4 | |
| 000 | 00971nam0 2200241 450 | |
| 001 | 1735573424 | |
| 005 | 20161207151528.0 | |
| 010 | @a978-7-5027-9576-4@dCNY38.00 | |
| 100 | @a20160905d2016 em y0chiy0110 ea | |
| 101 | 0 | @achi |
| 102 | @aCN@b110000 | |
| 105 | @ay z 000yy | |
| 106 | @ar | |
| 200 | 1 | @a中国海洋经济发展报告@9zhong guo hai yang jing ji fa zhan bao gao@f国家发展和改革委员会,国家海洋局编 |
| 210 | @a北京@c海洋出版社@d2016.8 | |
| 215 | @a132页@d26cm | |
| 330 | @a关于我国2016年海洋经济的年度报告,总结“十二五”以来我国海洋经济发展的总体情况、成就、经验和存在的问题,重点阐述2016年我国海洋经济发展的新特点,分析了发展面临的新形势,对今后一个时期我国海洋经济发展趋势进行了展望。 | |
| 606 | 0 | @a海洋经济@x经济发展@x研究报告@y中国@x2016 |
| 690 | @aP74@v5 | |
| 701 | 0 | @a国家海洋局@9guo jia hai yang ju@4编 |
| 711 | 02 | @a国家发展和改革委员会@9guo jia fa zhan he gai ge wei yuan hui@4局编 |
| 801 | 0 | @aCN@b91CIP@c20160905 |
| 905 | @aBZT@dP74@e17:2016 | |
| 中国海洋经济发展报告/国家发展和改革委员会,国家海洋局编.-北京:海洋出版社,2016.8 |
| 132页;26cm |
| ISBN 978-7-5027-9576-4:CNY38.00 |
| 关于我国2016年海洋经济的年度报告,总结“十二五”以来我国海洋经济发展的总体情况、成就、经验和存在的问题,重点阐述2016年我国海洋经济发展的新特点,分析了发展面临的新形势,对今后一个时期我国海洋经济发展趋势进行了展望。 |
| ● |
| 相关链接 |
|
|
|
正题名:中国海洋经济发展报告
索取号:P74/17:2016
 
预约/预借
| 序号 | 登录号 | 条形码 | 馆藏地/架位号 | 状态 | 备注 |
| 1 | 825974 | 2000825974 | 第二书库/ [索取号:P74/17:2016] | 在馆 | |
| 2 | 825975 | 2000825975 | 第二书库/ [索取号:P74/17:2016] | 在馆 | |
| 3 | 825976 | 2000825976 | 第二书库/ [索取号:P74/17:2016] | 在馆 |